| 000 | 01024nam a2200289 a 4500 | ||
|---|---|---|---|
| 001 | 54799 | ||
| 003 | BD-RjUL | ||
| 005 | 20211209080154.0 | ||
| 008 | 161110s2005 enk 000 0 eng d | ||
| 035 | _a(BD-RjUL)54921 | ||
| 040 |
_aBD-RjUL _beng _cBD-RjUL _dBD-RjUL |
||
| 041 | _aeng | ||
| 082 |
_223 _a882.01 _bBES 2005 |
||
| 100 | 1 |
_aBerkowitz, Lucille _9163350 |
|
| 245 | 1 | 0 |
_aSophocles Oedipus tyrannus : _ba new translation, passages from ancient authors ... some studies, criticism / _cLucille Berkowitz |
| 250 | _a1st south Asian ed. | ||
| 260 |
_aLondon : _bW.W. Norton, _c2005 |
||
| 300 |
_aviii, 261 p. ; _c18 cm. |
||
| 490 | _a Norton critical edition. | ||
| 600 | 0 | 0 |
_aSophocles. _tOedipus Rex. _9163357 |
| 600 | 0 | 0 |
_aSophocles _xCriticism, Textual. _9163358 |
| 600 | 0 | 0 |
_aSophocles _xCriticism and interpretation. _9163359 |
| 600 | 0 | 0 |
_aOedipus _c(Greek mythological figure) _xIn literature. _9163360 |
| 740 | 0 | _aClassical quarterly. [Offprint] | |
| 856 | _3 Norton critical edition. | ||
| 942 |
_2ddc _cBK |
||
| 999 |
_c54799 _d54799 |
||